| 000 | 00476nam a2200157Ia 4500 | ||
|---|---|---|---|
| 005 | 20250426104743.0 | ||
| 008 | 231217s9999 xx 000 0 und d | ||
| 020 | _a9780074621295 | ||
| 082 | _a001.642 GOD;22 | ||
| 100 | _aGodbole, Achyut S | ||
| 245 | 0 | _aOperating systems: With case studies in Unix netware Windows NT | |
| 260 |
_c1996 _bTata McGraw-Hill _aNew Delhi |
||
| 300 | _axvii+722 | ||
| 650 | _aOperating,systems:,studies,Unix,netware,Windows,NT | ||
| 942 | _cAA | ||
| 999 |
_c181011 _d181011 |
||